| 000 | 00773nam a2200205 a 4500 | ||
|---|---|---|---|
| 003 | 0 | ||
| 005 | 20250619145638.0 | ||
| 008 | 030603s19uu xx 00 eng d | ||
| 050 |
_aPHS HE 5664.J44 _b.Sa27 2000 |
||
| 100 | _aSarao, Romeo Jr. B. | ||
| 245 |
_aThe Perceptions of the commuters on the use of jeepneys as a means of transportation / _cRomeo B. Sarao Jr. |
||
| 260 |
_aLas PiƱas City, Philippines : _bSouthville International School and Colleges, _c2000. |
||
| 300 |
_a32 pages : _billustrations ; _c28 cm. |
||
| 504 | _aIncludes bibliographical references. | ||
| 650 | _aJeepneys (Philippines). | ||
| 650 |
_aUrban transportation _zPhilippines. |
||
| 650 |
_aCommuters _zPhilippines _xAttitudes. |
||
| 650 |
_aPublic opinion _zPhilippines. |
||
| 942 |
_2lcc _cPASS |
||
| 999 |
_c96244 _d96244 |
||